Oscar niemeyer: works in progress /
Guardado en:
| Autor Principal: | |
|---|---|
| Formato: | Libro |
| Publicado: |
New York :
Reinhold Publishing Corporation,
1958
|
| Materias: | |
| Etiquetas: |
Agregar Etiqueta
Sin Etiquetas, Sea el primero en etiquetar este registro!
|
| LEADER | 00487nam a22001575a 4500 | ||
|---|---|---|---|
| 001 | EHU.bham006049 | ||
| 003 | AR-BHAM | ||
| 005 | 20090508153921.0 | ||
| 008 | 130507s1958##################000#0#####d | ||
| 082 | 7 | 2 | |a 724.9 |
| 100 | 1 | |a Papadaki, Stamo | |
| 245 | 1 | 0 | |a Oscar niemeyer: works in progress / |c Stamo Papadaki. |
| 260 | |a New York : |b Reinhold Publishing Corporation, |c 1958 | ||
| 300 | |a 192 p. | ||
| 653 | |a Arquitectura siglo 20 | ||
| 859 | |a AR-BHAM |b BIB. HUMANIDADES - General |h 724.9 |i P197 |p 99286.68 |t Ej.1 | ||
